Evaluación de datos cinéticos en el proceso de cristalización por cambio de solvente del ácido benzoico en mezclas de etanol y agua

En esta tesis se evaluó diferentes parámetros cinéticos en el proceso de cristalización del ácido benzóico por cambio de solvente en mezclas binarias de Etanol - agua. De forma paralela se encontró una relación entre el tiempo de inducción con respecto a la concentración inicial de etanol...

Full description

Bibliographic Details
Main Author: Ibarra Herrera, Wilbert
Other Authors: Tutor: Holmback, Xiomara
Format: Tesis Section = Libro
Language:Undetermined
Spanish
Published: Managua UNI 1997
Subjects:
LEADER 01159nam a2200229Ia 4500
008 240830s9999 xx 000 0 und d
040 |a BIBLIOTECA-RUSB/ Mon 660.284298 I12 
041 |a spa 
082 |a Mon 660.284298 I12 
100 1 |a Ibarra Herrera, Wilbert 
245 1 0 |a Evaluación de datos cinéticos en el proceso de cristalización por cambio de solvente del ácido benzoico en mezclas de etanol y agua 
260 |a Managua  |b UNI  |c 1997 
300 |a 88 p. :il. 
500 |a Contiene: anexos. 
502 |a Tesis (Ingeniero Químico) - UNI, 1997. 
520 3 |a En esta tesis se evaluó diferentes parámetros cinéticos en el proceso de cristalización del ácido benzóico por cambio de solvente en mezclas binarias de Etanol - agua. De forma paralela se encontró una relación entre el tiempo de inducción con respecto a la concentración inicial de etanol para diferentes soluciones. También se determinó en base a las observaciones realizadas la amplitud de la zona metaestable. 
650 7 |a CRISTALIZACIÓN 
650 7 |b  QUÍMICA 
700 1 |a Tutor:  |b Holmback, Xiomara 
942 |c BK  |2 ddc 
991 |a TESIS 
999 |c 20663